Gauntlet to Overlord; (Record no. 551858)
[ view plain ]
| 000 -LEADER | |
|---|---|
| fixed length control field | 00729cam a22001811 4500 |
| 082 ## - DEWEY DECIMAL CLASSIFICATION NUMBER | |
| Classification number | 971.063 |
| Author Mark | MUN |
| -- | L-30, P-33 |
| 100 1# - MAIN ENTRY--PERSONAL NAME | |
| Personal name | Munro, Ross. |
| 9 (RLIN) | 49018 |
| 245 10 - TITLE STATEMENT | |
| Title | Gauntlet to Overlord; |
| Remainder of title | the story of the Canadian army, |
| Statement of responsibility, etc. | by Ross Munro. |
| 260 ## - PUBLICATION, DISTRIBUTION, ETC. | |
| Place of publication, distribution, etc. | Toronto, |
| Name of publisher, distributor, etc. | The Macmillan Company of Canada Limited, |
| Date of publication, distribution, etc. | 1945. |
| 300 ## - PHYSICAL DESCRIPTION | |
| Extent | xiii, 477 p. |
| Other physical details | front., illus. (maps) plates, ports. |
| Dimensions | 22 cm. |
| 526 ## - STUDY PROGRAM INFORMATION NOTE | |
| Program name | 0 |
| Interest level | 0 |
| Reading level | 0 |
| Title point value | 971_063000000000000_MUN |
| 650 #0 - SUBJECT ADDED ENTRY--TOPICAL TERM | |
| Topical term or geographic name entry element | MCE |
| 9 (RLIN) | 379 |
| 650 #0 - SUBJECT ADDED ENTRY--TOPICAL TERM | |
| Topical term or geographic name entry element | World War, 1939-1945 |
| General subdivision | Amphibious operations. |
| 9 (RLIN) | 49019 |
| 650 #0 - SUBJECT ADDED ENTRY--TOPICAL TERM | |
| Topical term or geographic name entry element | World War, 1939-1945 |
| General subdivision | Campaigns |
| Geographic subdivision | Western Front. |
| 650 #0 - SUBJECT ADDED ENTRY--TOPICAL TERM | |
| Topical term or geographic name entry element | World War, 1939-1945 |
| General subdivision | Personal narratives, Canadian. |
| 9 (RLIN) | 49020 |
| 650 #0 - SUBJECT ADDED ENTRY--TOPICAL TERM | |
| Topical term or geographic name entry element | World War, 1939-1945 |
| Geographic subdivision | Canada. |
| 9 (RLIN) | 49021 |
| 942 ## - ADDED ENTRY ELEMENTS (KOHA) | |
| Source of classification or shelving scheme | |
| Koha item type | Book |
| Withdrawn status | Lost status | Source of classification or shelving scheme | Damaged status | Not for loan | Permanent Location | Current Location | Date acquired | Total Checkouts | Full call number | Barcode | Date last seen | Price effective from | Koha item type |
|---|---|---|---|---|---|---|---|---|---|---|---|---|---|
| Military College of Engineering (MCE) | Military College of Engineering (MCE) | 12/31/2014 | 971.063 MUN | MCE-40175 | 12/31/2014 | 12/31/2014 | Book |
